000
00212 a2200097 4500
001
47611
100
_a
Colby C.B
245
_a
Ghost crusion H K 33
260
_a
London
_b
William kimber
_c
090
_c
30624
_d
30624
942
_a
NUST-CAE
_c
_c
22919
999
_c
282684
_d
282684